000 00282nam a22001097a 4500
082 _a940.53 FUL'S
100 _aFULLER, J. F. C
_937121
245 _aTHE SECOND WORLD WAR 1939-45 A STRATEGICAL AND TACTICAL HISTORY
260 _aNEWYORK
_bDUELL
_c1962
300 _a431P
942 _cBK
999 _c567447
_d567447